クーピーペンシル12色 (ソフトケース入り)に入っている色 - Statistics

General Stats
  • This quiz has been taken 105 times
  • The average score is 11 of 12
Answer Stats
Answer % Correct
あか
100%
みどり
100%
くろ
100%
きいろ
99%
あお
98%
きみどり
97%
みずいろ
94%
むらさき
93%
ちゃいろ
90%
ももいろ
82%
だいだいいろ
76%
うすだいだい
66%
No matching quizzes found
Score Distribution
Percent of People with Each Score
Percentile by Number Answered
Your Score History
You have not taken this quiz